000 02178cam a22005534i 4500
003 PE-LiUPU
005 20250731165650.0
008 150616s r 000 0 d
020 _a0521086914
035 _a(Sirsi) i9780521086912
040 _aPE-LiUPU
_bspa
_cPE-LiUPU
_erda
049 _aPRUA
082 0 4 _a909.008
_bC
_221
245 0 0 _aHistory of the Middle East and the Aegean Region c. 1380-1000 B.C. /
_ceditado por I.E.S. Edwards, N.G.L. Hammond, E. Sollberger.
264 1 _aCambridge :
_bCambridge University Press,
_c1987.
300 _a1128 páginas ;
_c24 centímetros
336 _atext
_2rdacontent
337 _aunmediated
_2rdamedia
338 _avolume
_2rdacarrier
490 0 _aThe Cambridge Ancient History
505 0 _aThe struggle for the domination of Syria.- Assyria and Babylon.- Egypt: the amarna period and the end of the eighteenth dynasty.- The amarna letters from Palestine.- Etc...
526 _aSEG44
526 _aSEG26
526 _aP151
526 _aP150
526 _aP149
526 _aP146
526 _aP145
526 _aP126
526 _aP125
526 _aP92
526 _aP75
526 _aP74
526 _aP27
526 _aP15
650 0 4 _aCivilización antigua.
650 0 4 _aCivilización Egea.
650 0 4 _aHistoria antigua.
651 _aOriente Medio
_xHistoria
_yHacia 622.
700 1 _aEdwards, I. E. S.
_q(
_qIorwerth Eiddon Stephen),
_d1909-1996,
_eeditor.
700 1 _aHammond, N. G. L.
_q(Nicholas Geoffrey Lempriere),
_d1907-,
_eeditor
910 _ajck
_bjvq
_cjck
942 _2ddc
_cBOOK
949 _aRC 909.008 C 2:2
_wDEWEY
_c1
_i43230
_d2015-10-6
_lCCODEBUL1
_mBUL
_q1
_r0
_sY
_tBOOK
_u2015-6-16
_xTEOLOGIA
_zUNKNOWN
_0COMPRA
_o.CIRCNOTE. No olvidar cambiar la fecha de devolución!!!!!!!
_o.STAFF. Colección General
994 _aC0
_bPEPRU
596 _a1
999 _aRC 909.008 C 2:2
_wDEWEY
_c61194
_i43230
_d61194
_f2021-11-8
_g5
_lCCODEBUL1
_mBUL
_q2
_r1
_sY
_tBOOK
_u2015-6-16
_xTEOLOGIA
_zUNKNOWN
_0COMPRA
_o.CIRCNOTE. No olvidar cambiar la fecha de devolución!!!!!!!
_o.STAFF. Colección General
980 _81
_gALBERTO SANCHEZ Responsable de Automatización